Jon Jones - UFC Opponents - Statistics

General Stats
  • This quiz has been taken 91 times
  • The average score is 15 of 24
Answer Stats
Date W/L/D Opponent % Correct
29/07/17 NC - Overturned [C] Daniel Cormier
97%
03/01/15 WIN - U/DEC - R5 [C] Daniel Cormier
97%
16/11/24 WIN - KO - R3 [C] Stipe Miocic
92%
04/03/23 WIN - SUB - R1 [C] Ciryl Gane
89%
08/02/20 WIN - U/DEC - R5 [C] Dominick Reyes
89%
24/09/11 WIN - SUB - R4 [C] Quinton Jackson
82%
10/12/11 WIN - SUB - R2 [C] Lyoto Machida
80%
29/12/18 WIN - TKO - R3 [C] Alexander Gustafsson
77%
21/09/13 WIN - U/DEC - R5 [C] Alexander Gustafsson
77%
02/03/19 WIN - U/DEC - R5 [C] Anthony Smith
76%
19/03/11 WIN - KO - R3 [C] Mauricio Rua
74%
27/04/13 WIN - TKO - R1 [C] Chael Sonnen
70%
06/07/19 WIN - S/DEC - R5 [C] Thiago Santos
64%
22/09/12 WIN - SUB - R4 [C] Vitor Belfort
61%
21/04/12 WIN - U/DEC - R5 [C] Rashad Evans
58%
05/12/09 LOSS - DQ - R1 Matt Hamill
57%
23/04/16 WIN - U/DEC - R5 [IC] Ovince Saint Preux
51%
26/04/14 WIN - U/DEC - R5 [C] Glover Teixeira
49%
05/02/11 WIN - SUB - R2 Ryan Bader
36%
31/01/09 WIN - U/DEC - R3 Stephan Bonnar
27%
09/08/08 WIN - U/DEC - R3 Andre Gusmao
19%
21/03/10 WIN - KO - R1 Brandon Vera
14%
01/08/10 WIN - TKO - R1 Vladimir Matyushenko
14%
11/07/09 WIN - SUB - R2 Jake O'Brien
7%
No matching quizzes found
Score Distribution
Percent of People with Each Score
Percentile by Number Answered
Your Score History
You have not taken this quiz